Personagens MCU 2 - NOMES CIVIS - Statistics

Estatísticas Gerais
  • Esse quiz foi jogado 49 vezes
  • A pontuação média é 6 de 15
Estatísticas das Respostas
CODINOME NOME % Correto
VIÚVA NEGRA NATASHA ROMANOFF
100%
HOMEM ARANHA PETER PARKER
100%
CAPITÃO AMÉRICA STEVE ROGERS
100%
HOMEM DE FERRO TONY STARK
100%
PANTERA NEGRA T'CHALLA
93%
HULK BRUCE BANNER
92%
WOLVERINE LOGAN | JAMES HOWLETT
85%
SENHOR DAS ESTRELAS PETER QUILL
82%
TOCHA HUMANA JOHNNY STORM
71%
FALCÃO SAM WILSON
63%
GAVIÃO ARQUEIRO CLINT BARTON
60%
SENHOR FANTÁSTICO REED RICHARDS
60%
DOUTOR OCTOPUS OTTO OCTAVIUS
58%
VIÚVA NEGRA (IRMÃ CAÇULA) YELENA BELOVA
57%
VESPA HOPE VAN DYNE
56%
SOLDADO INVERNAL BUCKY BARNES
55%
DUENDE VERDE NORMAN OSBORN
55%
HOMEM AREIA FLINT MARKO
50%
FERA HANK MCCOY
50%
PODEROSA THOR JANE FOSTER
50%
CAPITA CARTER PEGGY CARTER
50%
DEADPOOL WADE WILSON
50%
HOMEM FORMIGA SCOTT LANG
44%
DOUTOR ESTRANHO STEPHEN STRANGE
43%
MS MARVEL KAMALA KHAN
42%
CAPITÃ MARVEL CAROL DENVERS
40%
VENOM EDDIE BROCK
40%
LAGARTO CURT CONNORS
36%
MYSTÉRIO QUENTIN BECK
35%
CORAÇÃO DE FERRO RIRI WILLIAMS
30%
GUARDIÃO VERMELHO ALEXEI SHOSTAKOV
22%
X23 LAURA KINNEY
22%
JAQUETA AMARELA DARREN CROSS
20%
ABOMINÁVEL EMIL BLONSKY
20%
BINÁRIA MARIA RAMBEAU
15%
OSSOS CRUZADOS BROCK RUMLOW
11%
ABUTRE ADRIAN TOOMES
9%
GAMBIT REMY LEBEAU
9%
TREINADORA ANTONIA DREYKOV
0%
FANTASMA AVA STARR
0%
FANÁTICO / JUGGERNAUT CAIN MARKO
0%
KILLMONGER ERIK STEVENS
0%
CHICOTE NEGRO IVAN VANKO
0%
MÁQUINA DE COMBATE JAMES RHOADES
0%
CAVEIRA VERMELHA JOHANN SCHMIDT
0%
ELECTRO MAX DILLON
0%
VIÚVA NEGRA (MÃE) MELINA VOSTOKOFF
0%
Nenhum quiz correspondente encontrado
Distribuição das Pontuações
Porcentagem de Pessoas com Cada Pontuação
Percentil de Números Respondidos
Sua Pontuação Histórica
Você não jogou esse quiz